On the notion "Null Anaphor" in Chamorro

Bibliographic Details
Published in:The Null parameter, ed. by O. Jaeggli, K.J. Safir, Dordrecht, 1989, P.143-184 (Studies in natural language and linguistic theory)
Main Author: Chung, S.
Content type: Article
Published: 1989
Source:MPIPL_cat

MARC

LEADER 00000naa a2200000 u 4500
001 PL0039181
003 PLI01000000000000000039073
005 00000000000000.0
008 ||| u
100 1 |a Chung, S. 
245 0 0 |a On the notion "Null Anaphor" in Chamorro  |c S. Chung 
260 |c 1989 
773 0 8 |t The Null parameter  |a ed. by O. Jaeggli, K.J. Safir  |d Dordrecht, 1989  |g P.143-184  |k Studies in natural language and linguistic theory  |w MPIPL_cat.PL0039176  |z 1-55608-087-5  |i In: 
952 |j 1989  |h P.143-184 
996 |a Aufsatz 
997 |a book chapter